| 000 | 00965cam a2200301 i 4500 | ||
|---|---|---|---|
| 999 |
_c200444492 _d62704 |
||
| 001 | 200444492 | ||
| 003 | TR-AnTOB | ||
| 005 | 20230201113854.0 | ||
| 007 | ta | ||
| 008 | 981013s1965 tu b 000 0 tur | ||
| 035 | _a(TR-AnTOB)200444492 | ||
| 040 |
_aITU _beng _erda _cITU _dTR-AnTOB |
||
| 041 | 0 | _atur | |
| 050 | 4 |
_aTS180 _b.Ö93 1965 |
|
| 090 |
_aTS180 _b.Ö93 1965 |
||
| 100 | 1 |
_aÖzal, Özcan _eauthor _9131483 |
|
| 245 | 1 | 0 |
_aİşletmelerde materyel hareketlerinin organizasyonu / _cDoç. Dr. Özcan Özal. |
| 264 | 1 |
_aİzmir : _bİzmir İktisadi ve Ticari İlimler Akademisi, _c1965. |
|
| 300 |
_a129 pages ; _c28 cm |
||
| 336 |
_atext _btxt _2rdacontent |
||
| 337 |
_aunmediated _bn _2rdamedia |
||
| 338 |
_avolume _bnc _2rdacarrier |
||
| 490 | 0 |
_aİzmir İktisadi ve Ticari İlimler Akademisi yayınları ; _vno. 46. |
|
| 650 | 7 |
_aMalzeme taşıma _2etuturkob _921874 |
|
| 942 |
_2lcc _cBK |
||